000 00326nam a2200133 i 4500
001 bg
245 0 _aŚwiat roślin :
_bpraca zbiorowa /
_cpod red. Józefa Prończuka. Cz. 1-2.
250 _aWyd.4.
260 _aWarszawa,
_c1986.
040 _cBPK
041 _apol
942 _cKS
008 s pl f |000 0 pol
999 _c2991
_d2991
856 _uhttp://koha.tu.koszalin.pl/cgi-bin/koha/opac-detail.pl?biblionumber=2991
_yKatalog online BPK